V záujme jednoty

Bibliographic Details
Main Author: Mišák, Peter, 1950- (Author)
Format: Article
Language:Slovak
PhysicalDescription:Fotogr. 2
ISSN:1335-1303
Subjects:

MARC

LEADER 00000nab a2200000 a 4500
001 vtls000633560
003 SK-MaSNL
005 20260304025414.0
008 160401c xo 0 slo
015 |a SNBRB19rr/mm-uuuuu 
035 |a CL0633699 
040 |a SNKBUCL  |b slo  |c SNKBUCL  |e AACR2 
041 0 |a slo 
044 |a xo  |c SK 
080 |a 342.4(437.6):061.61(437.6):061.75  |2 1981 
080 |a 061.61(437.6)  |2 1981 
100 1 |a Mišák, Peter,  |d 1950-  |4 aut  |9 106471 
245 1 0 |a V záujme jednoty  |c Peter Mišák 
300 |b Fotogr. 2 
610 2 7 |a Matica slovenská  |2 snkbucl  |9 14662 
650 0 7 |a Ústava Slovenskej republiky  |2 snkbucl  |9 499021 
655 7 |a články z novín a časopisov  |2 snkbucl  |9 267496 
773 0 |x 1335-1303  |t Slovenské národné noviny  |g Roč. 8 (12), č. 38 (1997), s. 7 
850 |a Slovenská národná knižnica v Martine  |a MTA001 
852 |a SNK  |b KIS3GCP 
958 |a SK 
958 |a RK 
958 |a RBX 
999 |c 2627321  |d 2629251